Datum a čas kvízu
33.5
Celkem bodů
Celkový počet nahraných bodů na tomto kvízu bez doplňovacích otázek.
5.
Pořadí na kvízu
Konečné umístění týmu na tomto kvízu.
Zaznamenané odpovědi
| # | Otázka | Odpověď | Body | Výsledky |
|---|---|---|---|---|
| 1. | V Praze byl minulý týden na ve... | z paluby Titaniku | 0 | |
| 2. | Římská radnice minulý týden oz... | fontána di Trevi | 1 | |
| 3. | Která 45letá česká herečka se... | Anna Polívková | 1 | |
| 4. | Minulý týden byla ve Veverskýc... | pomocí SMS | 0 | |
| 5. | Reprezentace jedné evropské ze... | San Marino | 0 | |
| 6. | Ruské město Nižnij Novgorod ne... | Gorkij | 1 | |
| 7. | Panovník jisté africké země za... | Svazijsko/Svazijské království | 0 | |
| 8. | Napište bývalý název Bratislav... | Prešpurk/Prešporok/Prešporek; 1919 (1914–1924) | 1 | |
| 9. | Když Portugalci objevili jistý... | Tchaj-wan | 0 | |
| 10. | Zhruba rok po vyhlazení českýc... | o Panamu | 0 |